Small gas engine repair (Record no. 69228)

000 -LEADER
fixed length control field 00507nam a22001937a 4500
003 - CONTROL NUMBER IDENTIFIER
control field NUST - PNEC
005 - DATE AND TIME OF LATEST TRANSACTION
control field 20170116181113.0
008 - FIXED-LENGTH DATA ELEMENTS--GENERAL INFORMATION
fixed length control field 151004b xxu||||| |||| 00| 0 eng d
020 ## - INTERNATIONAL STANDARD BOOK NUMBER
International Standard Book Number 0803641416
020 ## - INTERNATIONAL STANDARD BOOK NUMBER
International Standard Book Number 0830641424
040 ## - CATALOGING SOURCE
Transcribing agency Library
082 ## - DEWEY DECIMAL CLASSIFICATION NUMBER
Classification number 621.4340288 DEM
100 ## - MAIN ENTRY--PERSONAL NAME
9 (RLIN) 13067
Personal name Dempsey, Paul
245 ## - TITLE STATEMENT
Title Small gas engine repair
Statement of responsibility, etc. Paul Dempsey
250 ## - EDITION STATEMENT
Edition statement 2nd ed.
260 ## - PUBLICATION, DISTRIBUTION, ETC.
Date of publication, distribution, etc. c.1993
650 ## - SUBJECT ADDED ENTRY--TOPICAL TERM
9 (RLIN) 13072
Topical term or geographic name entry element Small gasoline engines--Maintenance and repair
General subdivision ME
942 ## - ADDED ENTRY ELEMENTS (KOHA)
Source of classification or shelving scheme
Koha item type Book
Holdings
Withdrawn status Lost status Source of classification or shelving scheme Damaged status Not for loan Permanent Location Current Location Shelving location Date acquired Total Checkouts Full call number Barcode Date last seen Price effective from Koha item type
          Pakistan Navy Engineering College (PNEC) Pakistan Navy Engineering College (PNEC)       621.4340288 DEM PNECLIB-017763 10/04/2015   Book
© 2023 Central Library, National University of Sciences and Technology. All Rights Reserved.